000 00573nam a2200181Ia 4500
001 25248
005 20260414151137.0
008 260414t2018||||xx |||||||||||||| ||spa||
041 _aESP
082 _a346.41
_bM97
100 _aMurillo Chávez, Javier André
_eAUT
245 0 _aLa marca país :
_bestudio de derecho andino y europeo y su uso como herramienta de las MIPYMES para su desarrollo en el comercio internacional a través de internet
260 _c2018
300 _a294 páginas :
_c23 cm.
650 _aDER
654 _aCDE
942 _cLIB
_dJUS
_fJUS
_2ddc
_n
999 _c25248
_d25248